000 01847cam a2200349 i 4500
001 17924236
003 EG-ScBUE
005 20250729103218.0
008 131031t2014 flua f b 001 0 eng d
020 _a9781420061352
020 _a1420061356
040 _aDLC
_beng
_erda
_cDLC
_dDLC
_dEG-ScBUE
082 0 4 _a543
_222
_bROB
100 1 _aRobinson, James W.,
_d1923-
_eauthor.
_941313
245 1 0 _aUndergraduate instrumental analysis /
_cJames W. Robinson, Eileen Skelly Frame, George M. Frame II.
250 _aSeventh edition.
264 1 _aBoca Raton :
_bCRC Press / Taylor & Francis Group,
_c[2014]
264 4 _cc2014
300 _axxix, 1231 pages :
_billustrations ;
_c27 cm
336 _2rdacontent
_atext
_btxt
337 _aunmediated
_2rdamedia
_bn
338 _avolume
_bnc
_2rdacarrier
504 _aIncludes bibliographical references and index.
520 _a"Building on the success of previous editions, Undergraduate Instrumental Analysis: Seventh Edition expands and revises its coverage to provide the latest information on the newest techniques, such as cavity ringdown spectroscopy and LIBS. This book features details on XRD and its uses in materials analysis as well as additional material on surface analysis. Application chapters focus on the analysis of nanomaterials and chemical and biological warfare agents; in particular, these chapters discuss hyphenates techniques for these materials (like LCMS, GCMS, and LC-ICPMS). The text integrates experiments and problem sets, including those requiring the use of spreadsheet programs such as Excel"--
650 7 _aInstrumental analysis.
_2BUEsh
_926916
651 _2BUEsh
653 _bPPhrm
_cOctober2016
655 _vReading book
700 1 _aFrame, Eileen M. Skelly,
_d1953-
_eauthor.
700 1 _aFrame, George M.,
_cII,
_eauthor.
942 _2ddc
_cBB
999 _c22447
_d22419